Football France 2021/2022: Palmarès - Statistiques

Statistiques générales
  • Ce quiz a été pris 534 fois
  • Le résultat moyen est 14 sur 17
Statistiques - réponses
Réponse % Correct
Paris SG
100%
Olympique de Marseille
99%
Olympique Lyonnais
98%
Kylian Mbappé
96%
FC Nantes
95%
AS Monaco
93%
Stade Rennais FC
93%
AS Saint-Etienne
89%
OGC Nice
89%
Girondins de Bordeaux
88%
Toulouse FC
85%
AJ Auxerre
84%
Gianluigi Donnarumma
84%
FC Metz
79%
AC Ajaccio
67%
Paris FC
49%
Bruno Génésio
35%
Aucun quiz correspondant
Distribution des résultats
% des personnes avec chaque résultat
Percentile par nombre de réponses
Votre historique - résultats
Vous n’avez pas pris ce quiz